| 000 | 00731nam a2200217 a 4500 | ||
|---|---|---|---|
| 005 | 20240806064131.0 | ||
| 008 | 991125s1981 bue 000 0 spa u | ||
| 035 | _aUPN01000049247 | ||
| 049 | _aCG | ||
| 050 | 4 |
_aBF175 L4 _bP8 |
|
| 100 | 1 |
_aAnzieu, Didier, _d1923-1999 _928733 |
|
| 245 | 1 | 0 |
_aPsicoanálisis y lenguaje : _bdel cuerpo a la palabra / _cDidier Anzieu... [et al.] ; ed. dirigida por Eduardo Mandet y Lelio Miari. |
| 260 |
_aBuenos Aires : _bKapelusz, _c1981. |
||
| 300 | _a209 p. | ||
| 440 | 0 |
_aPsicoanálisis. _pPsicoanálisis francés contemporáneo |
|
| 650 | 7 |
_aPsicolingüística _2 _9109 |
|
| 650 | 4 |
_aPsicoanálisis _91572 |
|
| 700 | 1 |
_aMandet, Eduardo, _eed. |
|
| 700 | 1 |
_aMiari, Lelio, _eed. |
|
| 905 | _aLibro | ||
| 999 |
_c49247 _d49247 |
||